| 000 | 00853nam a2200229 i 4500 | ||
|---|---|---|---|
| 001 | 144653 | ||
| 003 | ES-MaACL | ||
| 005 | 20230906201052.0 | ||
| 007 | t| | ||
| 008 | 070214s1914 xxk r ||||1| eng d | ||
| 100 | 1 |
_aSmith, William Robertson. _9106934 |
|
| 245 | 1 | 0 |
_aLectures on the religion of the semites / _cby the late W. Robertson Smith. _n, . First series, _pThe fundamental institutions. |
| 250 |
_aNew ed. _brev. throughout by the author. |
||
| 260 |
_aLondon : _bAdam and Charles Black, _c1914 ( _eEdinburgh : _fMorrison and Gibb) |
||
| 300 |
_aXIV, 508 p. ; _c21 x 13 cm. |
||
| 490 | 1 | _aBurnett lectures [Aberdeen University] | |
| 650 | 4 |
_aSemitas- _xReligión. _9159891 |
|
| 710 | 2 |
_aUniversity of Aberdeen. _97497 |
|
| 830 | 0 |
_aBurnett lectures [Aberdeen University] _9220697 |
|
| 852 |
_aES-MaACL _jC-736 |
||
| 999 |
_c144653 _d144653 |
||